Gestion hidrica y planificacion del territorio desde la sustentabilidad / (Record no. 122239)
[ view plain ]
| 000 -LEADER | |
|---|---|
| fixed length control field | 02732nam a22003493i 4500 |
| 001 - CONTROL NUMBER | |
| control field | BDZ0058427733 |
| 003 - CONTROL NUMBER IDENTIFIER | |
| control field | StDuBDS |
| 005 - DATE AND TIME OF LATEST TRANSACTION | |
| control field | 20260416092348.0 |
| 007 - PHYSICAL DESCRIPTION FIXED FIELD--GENERAL INFORMATION | |
| fixed length control field | cr|||||||||||| |
| 008 - FIXED-LENGTH DATA ELEMENTS--GENERAL INFORMATION | |
| fixed length control field | 251001s2025 spa go 000|0 spa d |
| 020 ## - INTERNATIONAL STANDARD BOOK NUMBER | |
| International Standard Book Number | 9789585073234 |
| 040 ## - CATALOGING SOURCE | |
| Original cataloging agency | StDuBDS |
| Language of cataloging | eng |
| Description conventions | rda |
| Transcribing agency | StDuBDS |
| 041 ## - LANGUAGE CODE | |
| Language code of text/sound track or separate title | sp |
| 072 #7 - SUBJECT CATEGORY CODE | |
| Subject category code | TQ |
| Source | bicssc |
| 072 #7 - SUBJECT CATEGORY CODE | |
| Subject category code | ENV |
| Source | ukslc |
| 072 #7 - SUBJECT CATEGORY CODE | |
| Subject category code | TQ |
| Source | thema |
| 100 1# - MAIN ENTRY--PERSONAL NAME | |
| Personal name | Alba Nidia Castano, Castano, |
| Relator term | author. |
| 245 10 - TITLE STATEMENT | |
| Title | Gestion hidrica y planificacion del territorio desde la sustentabilidad / |
| Statement of responsibility, etc. | Castano Alba Nidia Castano. |
| 264 #1 - PRODUCTION, PUBLICATION, DISTRIBUTION, MANUFACTURE, AND COPYRIGHT NOTICE | |
| Place of production, publication, distribution, manufacture | Colombia, |
| Name of producer, publisher, distributor, manufacturer | Universidad del Valle, |
| Date of production, publication, distribution, manufacture, or copyright notice | 2025. |
| 300 ## - PHYSICAL DESCRIPTION | |
| Extent | 1 online resource |
| 336 ## - CONTENT TYPE | |
| Content type term | text |
| Source | rdacontent |
| 337 ## - MEDIA TYPE | |
| Media type term | unmediated |
| Source | rdamedia |
| 338 ## - CARRIER TYPE | |
| Carrier type term | volume |
| Source | rdacarrier |
| 366 ## - TRADE AVAILABILITY INFORMATION | |
| Detailed date of publication | 20250805 |
| Availability status code | Available |
| 520 8# - SUMMARY, ETC. | |
| Summary, etc. | El libro Gestion hidrica y planificacion del territorio desde la sustentabilidad es una recopilacion de los trabajos de grado de estudiantes de la Maestria en Desarrollo Sustentable de la Universidad del Valle. El libro contiene metodologias, teorias y casos de estudio que abordan la sustentabilidad como tema central. Se encuentra organizado en dos grandes tematicas: Gestion del agua y sostenibilidad, que contiene cinco capitulos, los cuales exponen la necesidad de avanzar en el conocimiento de la gestion sostenible del agua, para generar espacios de discusion y asi entender y abordar las problematicas y necesidades del agua de una sociedad en constante crecimiento, desde un enfoque integral, con el fin de dar soluciones sostenibles en el largo plazo. Esto, a partir de la economia ecologica y la ecologia politica, el uso de indicadores e indices de sostenibilidad, la implementacion de tecnicas mas eficientes y el desarrollo de alternativas tecnologicas. La otra tematica se denomina Gestion del riesgo para la planificacion sustentable del territorio, que consta de cuatro capitulos. Los autores exponen que la gestion del riesgo juega un papel fundamental en la planificacion y sustentabilidad del territorio, al considerar las medidas de prevencion y reduccion de la vulnerabilidad, que son fundamentales para enfrentar un fenomeno amenazante. Realizan un aporte a la evaluacion y conceptualizacion de la vulnerabilidad y la adaptacion desde las dimensiones ambiental, social y economica. Asi mismo, se muestra un estudio de caso frente al desarrollo urbano no planificado. |
| 650 #7 - SUBJECT ADDED ENTRY--TOPICAL TERM | |
| Topical term or geographic name entry element | Environment and Ecology |
| 650 #7 - SUBJECT ADDED ENTRY--TOPICAL TERM | |
| Topical term or geographic name entry element | SUSTAINABILITY |
| 650 #7 - SUBJECT ADDED ENTRY--TOPICAL TERM | |
| Topical term or geographic name entry element | WATER MANAGEMENT |
| 650 #7 - SUBJECT ADDED ENTRY--TOPICAL TERM | |
| Topical term or geographic name entry element | EBOOK |
| 856 40 - ELECTRONIC LOCATION AND ACCESS | |
| Uniform Resource Identifier | <a href="https://www.vlebooks.com/product/openreader?id=RICS&accId=9491556&isbn=9789585073234">https://www.vlebooks.com/product/openreader?id=RICS&accId=9491556&isbn=9789585073234</a> |
| Public note | Available on VLeBooks (members email [email protected] if you do not have a free login) |
| 942 ## - ADDED ENTRY ELEMENTS (KOHA) | |
| Source of classification or shelving scheme | Dewey Decimal Classification |
| Withdrawn status | Lost status | Damaged status | Not for loan | Home library | Current library | Shelving location | Date acquired | Total Checkouts | Full call number | Date last seen | Price effective from | Koha item type | Public note |
|---|---|---|---|---|---|---|---|---|---|---|---|---|---|
| Virtual | Virtual | Online | 03/02/2026 | EBOOK | 03/02/2026 | 03/02/2026 | Book | Available via Vlebooks (email [email protected] if you do not have a login) |